The Legend of Zelda - Statistiques

Statistiques générales
  • Ce quiz a été pris 213 fois
  • Le résultat moyen est 16 sur 36
Statistiques - réponses
Années de sorti Réponse % Correct
2017 Breath of the Wild
93%
2023 Tears of the Kingdom
90%
1998 Ocarina of Time
89%
2000 Majora's Mask
85%
1986 The Legend of Zelda
85%
2006 Twilight Princess
82%
2011 Skyward Sword
77%
2003 The Wind Waker
73%
1991 A Link to the Past
71%
1993 Link's Awakening
70%
2001 Oracle of Seasons
61%
2007 Phantom Hourglass
61%
2001 Oracle of Ages
60%
2009 Spirit Tracks
58%
2004 The Minish Cap
58%
2014 Hyrule Warriors
56%
1988 The Adventure of Link
56%
2013 A Link Between Worlds
55%
2003 Four Swords
52%
2021 Skyward Sword HD
40%
2013 The Wind Waker HD
36%
2011 Ocarina of Time 3D
34%
2015 Majora's Mask 3D
31%
2019 Link's Awakening HD
29%
2020 Hyrule Warriors L'Ère du Fléau
25%
2005 Four Swords Adventures
23%
1998 Link's Awakening DX
19%
1993 The Faces of Evil
13%
1993 The Wand of Gamelon
11%
1995 Zelda's Adventure
10%
2008 Link's Crossbow Training
9%
2016 Hyrule Warriors Legends
6%
1995 BS The Legend of Zelda
3%
2014 Ocarina of Time 2D
2%
1997 Ancient Stone Tablets
1%
2007 Tingle's Rosy Rupeeland
1%
Aucun quiz correspondant
Distribution des résultats
% des personnes avec chaque résultat
Percentile par nombre de réponses
Votre historique - résultats
Vous n’avez pas pris ce quiz